LIBRARY & INFORMATION CENTRE, KCAET, TAVANUR

ONLINE PUBLIC ACCESS CATALOGUE (OPAC)

Anthyamalyam / (Record no. 3918)

MARC details
000 -LEADER
fixed length control field 00468cam a2200181ua 4500
041 ## - LANGUAGE CODE
Language code of text/sound track or separate title mal
082 ## - DEWEY DECIMAL CLASSIFICATION NUMBER
Classification number 894.812 308
Item number CHA/AN
100 ## - MAIN ENTRY--AUTHOR NAME
Personal name Chandrashekharan Nair, Ettumanoor .
245 ## - TITLE STATEMENT
Title Anthyamalyam /
250 ## - EDITION STATEMENT
Edition statement 1 /
260 ## - PUBLICATION, DISTRIBUTION, ETC. (IMPRINT)
Place of publication Konni :
Name of publisher Venus Press Book Depot ,
Year of publication 1965.
300 ## - PHYSICAL DESCRIPTION
Number of Pages 202 ; .
942 ## - ADDED ENTRY ELEMENTS (KOHA)
Koha item type Books
Holdings
Withdrawn status Lost status Damaged status Home library Current library Date acquired Full call number Accession Number Koha item type
Withdrawn     KAUAET Sanskrit University 07/04/2012 894.812 308 1021 Books
free website counter